|
003 -Nazwa inst., której nr kontr. jest w polu 001 [,]
|
-
- @
- Nazwa instytucji, której n kontrolny jest w polu 001
- NUKAT
|
|
005 -DATA I CZAS OSTATNIEJ MODYFIKACJI [,]
|
-
- @
- pole kontrolne
- 20241231090056.0
|
|
020 -Międzynarod. znormalizowany nr książki - ISBN [ , ]
|
-
- a
- Numer ISBN
- 9788326488146
-
|
|
020 -Międzynarod. znormalizowany nr książki - ISBN [ , ]
|
-
- a
- Numer ISBN
- 9788380925397
-
- q
- Dopowiedzenie
- t. 6 wersja drukowana
|
|
020 -Międzynarod. znormalizowany nr książki - ISBN [ , ]
|
-
- a
- Numer ISBN
- 9788327800800
-
|
|
040 -Instytucja sporządzająca opis [ , ]
|
-
- a
- Instytucja, która sporządziła opis (NP)
- WA U/91UKP
-
- c
- Instytucja, która sporządziła rekord (NP)
- WA U/UKP
-
- d
- Instytucja, która zmodyfikowała rekord (P)
- WA U/EAD
-
- d
- Instytucja, która zmodyfikowała rekord (P)
- KAT U/MPs
-
- d
- Instytucja, która zmodyfikowała rekord (P)
- WA M/AH
|
|
942 -Rodzaj dokumentu [ , ]
|
-
- c
- Rodzaj dokumentu
- Książka
|
|
245 -Strefa tytułu i oznaczenia odpowiedzialności [1,0]
|
-
- a
- Tytuł
- System prawa karnego procesowego.
-
- n
- Oznaczenie części (P)
- [T.] 6,
-
- p
- Nazwa części (P)
- Strony i inni uczestnicy postępowania karnego /
-
- c
- Pozostałe elementy strefy tytułu i oznaczenia odpowiedzialności (NP)
- redakcja naukowa Cezary Kulesza ; [autorzy: Ewa Bieńkowska, Katarzyna T. Boratyńska, Rossana Broniecka, Łukasz Chojniak, Katarzyna Dudka, Ewa Kowalewska-Borys, Cezary Kulesza, Dariusz Kużelewski, Lidia Mazowiecka, Ireneusz Nowikowski, Andrzej Sakowicz, Piotr Starzyński, Ryszard A. Stefański, Sławomir Steinborn, Andrzej Światłowski, Izabela Urbaniak-Mastalerz, Marcin Warchoł, Małgorzata Wąsek-Wiaderek, Paweł Wiliński, Krzysztof Woźniewski].
|
|
246 -Wariant tytułu [3,0]
|
-
- a
- Tytuł (NP)
- Strony i inni uczestnicy postępowania karnego
|
|
260 -Strefa adresu wydawniczego [ , ]
|
-
- a
- Miejsce wydania (P)
- Warszawa :
-
- b
- Nazwa wydawcy (P)
- Wolters Kluwer,
-
|
|
700 -Hasło dodatkowe - nazwa osobowa [1, ]
|
-
- a
- Nazwa osobowa (NP)
- Kulesza, Cezary.
-
- e
- Określenie rodzaju współpracy
- Red.
-
|
|
700 -Hasło dodatkowe - nazwa osobowa [1, ]
|
-
- a
- Nazwa osobowa (NP)
- Boratyńska, Katarzyna T.
-
|
|
700 -Hasło dodatkowe - nazwa osobowa [1, ]
|
-
- a
- Nazwa osobowa (NP)
- Broniecka, Rossana.
-
|
|
700 -Hasło dodatkowe - nazwa osobowa [1, ]
|
-
- a
- Nazwa osobowa (NP)
- Chojniak, Łukasz.
-
|
|
700 -Hasło dodatkowe - nazwa osobowa [1, ]
|
-
- a
- Nazwa osobowa (NP)
- Dudka, Katarzyna.
-
|
|
700 -Hasło dodatkowe - nazwa osobowa [1, ]
|
-
- a
- Nazwa osobowa (NP)
- Kowalewska-Borys, Ewa.
-
|
|
700 -Hasło dodatkowe - nazwa osobowa [1, ]
|
-
- a
- Nazwa osobowa (NP)
- Kużelewski, Dariusz.
-
|
|
700 -Hasło dodatkowe - nazwa osobowa [1, ]
|
-
- a
- Nazwa osobowa (NP)
- Mazowiecka, Lidia.
-
|
|
700 -Hasło dodatkowe - nazwa osobowa [1, ]
|
-
- a
- Nazwa osobowa (NP)
- Nowikowski, Ireneusz.
-
|
|
700 -Hasło dodatkowe - nazwa osobowa [1, ]
|
-
- a
- Nazwa osobowa (NP)
- Sakowicz, Andrzej.
-
|
|
700 -Hasło dodatkowe - nazwa osobowa [1, ]
|
-
- a
- Nazwa osobowa (NP)
- Starzyński, Piotr
-
- c
- Dopowiedzenie inne niż daty biograficzne (NP)
- (prawo).
-
|
|
700 -Hasło dodatkowe - nazwa osobowa [1, ]
|
-
- a
- Nazwa osobowa (NP)
- Stefański, Ryszard A.
-
- d
- Daty biograficzne (NP)
- (1944- ).
-
|
|
700 -Hasło dodatkowe - nazwa osobowa [1, ]
|
-
- a
- Nazwa osobowa (NP)
- Steinborn, Sławomir.
-
|
|
700 -Hasło dodatkowe - nazwa osobowa [1, ]
|
-
- a
- Nazwa osobowa (NP)
- Światłowski, Andrzej
-
- d
- Daty biograficzne (NP)
- (1967- ).
-
|
|
700 -Hasło dodatkowe - nazwa osobowa [1, ]
|
-
- a
- Nazwa osobowa (NP)
- Urbaniak-Mastalerz, Izabela.
-
|
|
700 -Hasło dodatkowe - nazwa osobowa [1, ]
|
-
- a
- Nazwa osobowa (NP)
- Warchoł, Marcin.
-
|
|
700 -Hasło dodatkowe - nazwa osobowa [1, ]
|
-
- a
- Nazwa osobowa (NP)
- Wąsek-Wiaderek, Małgorzata
-
- d
- Daty biograficzne (NP)
- (1971- ).
-
|
|
700 -Hasło dodatkowe - nazwa osobowa [1, ]
|
-
- a
- Nazwa osobowa (NP)
- Wiliński, Paweł
-
- d
- Daty biograficzne (NP)
- (1975- ).
-
|
|
700 -Hasło dodatkowe - nazwa osobowa [1, ]
|
-
- a
- Nazwa osobowa (NP)
- Woźniewski, Krzysztof.
-
|
|
710 -Hasło dodatkowe - nazwa ciała zbiorowego [2, ]
|
-
- a
- Nazwa ciała zbiorowego lub nazwa geograficzna jako pierwszy element (NP)
- Wolters Kluwer Polska.
-
-
|